000 00957nam a2200289Ia 4500
003 OSt
005 20221007123321.0
006 a|||||r|||| 00| 0
007 ta
008 221006b |||||||| |||| 00| 0 eng d
020 _a9810237456 (pbk)
_c14.00
024 _a6405
037 _bOverseas,
_cTextual
040 _aPAPL
_cPAPL
_beng
041 _2eng
_aeng
082 _aC9B36, N9
100 _aHan M Y
_9717072
245 0 _aQuarks and gluons: a century of particle charges by M Y Han
260 _aSingapore
_bWorld Scientific
_c1999
300 _ax,158p
_ccm.
500 _aAppendix 1-3, 129-158p; ^n23/CSL/Carpa/99-2000/602^d1999-12-10^mPurchase; ; 99-2000/328^b2000-01-21^c11513^d1999-12-14^eRs.548.86^fOverseas Press; ; 2000-01-20^bSB^c2000-01-21^r2000-02-15
650 _a History
650 _a Particle
650 _aPhysics
942 _hC9B36, N9
_cTEXL
_2CC
999 _c1211686
_d1211686